Съветското стрелково оръжие (Запис номер 132515)
[ съкратено ]
| 000 -Лидер | |
|---|---|
| Контролно поле с фиксирана дължина | 01648nam a2200349 c 4500 |
| 003 - Код на организацията, давaща контролен номер | |
| Контролно поле | BLK |
| 005 - Дата и час на последна редакция | |
| Контролно поле | 20200716132220.0 |
| 008 - Елементи от данни с фиксирана дължина | |
| fixed length control field | 180409b bul|||||r ||||||| ||bul|| |
| 010 ## - Наследен системен номер | |
| LC control number | KNG00138384000 |
| 040 ## - Източник на каталожния запис | |
| Идентификатор на билиотеката - собственик на записа | BLK |
| 041 ## - Код за език | |
| Код за езика на текст/звукозапис или на отделно заглавие | Български |
| Код за езика КДБФ | Български |
| 080 ## - УДК | |
| Текстов определител УДК | Стрелково оръжие. Картечници. Хладно оръжие. Средства за защита. |
| УДК код - определител по УДК | 623.44 |
| УДК - код + определител | 623.44 |
| 100 1# - Редна дума - Автор | |
| Автор | Болотин, Давид Наумович |
| Авторска отговорност | първи автор |
| R(LIN) | 323315 |
| 139 ## - Редно поле | |
| Редна дума | Болотин, Давид Наумович |
| Авторски знак | Бол - Б 61 |
| 245 10 - Сведения за заглавието | |
| Заглавие | Съветското стрелково оръжие |
| Подзаглавни данни | Изследване |
| Редно поле (дума) | Давид Наумович Болотин; прев. от рус. Георги Рачев. |
| 257 ## - Страна на издаване | |
| Страна на създаване/издаване | СССР |
| 260 ## - Област на издателските данни | |
| Място на издаване, разпространение и проч. | София |
| Име на издателя, разпространителя и проч. | Воен. изд. |
| Година на издаване | 1984 |
| 300 ## - Физическа характеристика | |
| Страници | 216 с. |
| Илюстрации и др. | с ил., табл., 8 л. ил., портр. |
| Размери/Мащаб | 21 см |
| 380 ## - Жанр | |
| Жанр | Техника |
| 490 1# - СЕРИИ (Колекции) | |
| Име на серия | В света на военната техника |
| 500 ## - Общи забележки | |
| Забележка | Ориг. загл. Советское стрелковое оружие / Д. Н. Болотин. - 2 430 тир. - Библиогр. с. 213-214 и под линия. |
| 650 #4 - Допълнително описание по предмет – тема | |
| Основно описание – тема или топоним | Стрелково оръжие |
| 9 (RLIN) | 263083 |
| 650 #4 - Допълнително описание по предмет – тема | |
| Основно описание – тема или топоним | Оръжие, огнестрелно |
| 9 (RLIN) | 323316 |
| 653 ## - Ключова дума – ненормативна | |
| Ключова дума | стрелково оръжие |
| 653 ## - Ключова дума – ненормативна | |
| Ключова дума | огнестрелни оръжия |
| 700 1# - Други автори (авторска отговорност) | |
| Лично име | Рачев, Георги |
| Автороска отговорност (Описва отношението между автора и произведението) | прев. от рус. |
| 9 (RLIN) | 367672 |
| 852 ## - Местоположение | |
| Форматна сигнатура | Цб 126071 |
| 856 4# - Електронен адрес и достъп | |
| Електронен формат | pdf - файл |
| 856 4# - Електронен адрес и достъп | |
| Електронен формат | pdf - файл |
| 999 ## - СИСТЕМНИ КОНТРОЛНИ НОМЕРА | |
| Koha biblionumber | 132515 |
| Koha biblioitemnumber | 132515 |
| 942 ## - АРТИКУЛИ | |
| Вид на библиотечния материал | Книги |
| Скрит в OPAC | Не |
| Периодичен библиозапис | Да |
| 944 ## - СЪЗДАВАНЕ И РЕДАКЦИЯ на ЗАПИСА | |
| Създаване/Редакция | Създаване |
| Дата на регистрацията/редакция | 24.01.2013 |
| Статус, дата на статуса | 24.01.2013 - от С1,Р / 24.01.2013 |
| Служител, извършил регистрацията/редакцията | Кина_Георгиева |
| 944 ## - СЪЗДАВАНЕ И РЕДАКЦИЯ на ЗАПИСА | |
| Създаване/Редакция | Редакция |
| Дата на регистрацията/редакция | 24.01.2013 |
| Статус, дата на статуса | 24.01.2013 - от С1,Р / 24.01.2013 |
| 999 ## - СИСТЕМНИ КОНТРОЛНИ НОМЕРА | |
| Koha biblioitemnumber | 132515 |
| Код за отписване | Код за изгубен артикул | Източник на класификационната схема | Код за повреда | Коз за рестрикции | Код за отдаване | Артикулен № | Име на библиотеката - собственик | Име на библиотеката, в която се намира в момента | Статус (Текущо местоположение) | Дата на вписване в системата | Местоположение - отдел | Цена в лева | Инвентарен номер | Систематично азбучна сигнатура | Баркод | Номер на екземпляра | Цена в евро | Служебна бележка | Служебен тип на артикула |
|---|---|---|---|---|---|---|---|---|---|---|---|---|---|---|---|---|---|---|---|
| Не е изгубен | Universal Decimal Classification | Не е повреден | без рестрикции | ползва се в читалня | 216152 | Регионална библиотека "Любен Каравелов" Русе | Регионална библиотека "Любен Каравелов" Русе | Хранилище | 1984-01-01 | Хранилище | 1.16 | 404290 | Цб 126071 | 120000404290 | 1 | 0.59 | N: стар фонд Дата: 01.01.1984 | Книги | |
| Изтеглен | Не е изгубен | Universal Decimal Classification | Не е повреден | без рестрикции | заемане за дома | 216153 | Регионална библиотека "Любен Каравелов" Русе | Регионална библиотека "Любен Каравелов" Русе | Заемна - подръчен фонд | 1984-01-01 | Заемна - подръчен фонд | 1.16 | 405300 | П 623/Б 61 | 405300 | 2 | 0.59 | N: стар фонд Дата: 01.01.1984 | Книги |